[Event "Brno Duras BVK op-A"]
[Site "Brno"]
[Date "2006.??.??"]
[Round "1"]
[White "Martisek, Karel"]
[Black "Lyubeshkin, Alexandr"]
[Result "0-1"]
[WhiteElo "1965"]
[BlackElo "2195"]
[PlyCount "80"]
[EventDate "2006.07.??"]
[EventType "swiss"]
[EventRounds "9"]
[EventCountry "CZE"]
[SourceTitle "EXT 2008"]
[Source "ChessBase"]
[SourceDate "2007.11.25"]
[SourceVersion "1"]
[SourceVersionDate "2007.11.25"]
[SourceQuality "1"]

1. e4 Nf6 2. Nc3 d6 3. Bc4 e5 4. Nge2 Be7 5. a3 0-0 6. d3 Nc6 7. h3 Nd4 8. Nxd4 exd4 9. Ne2 c5 10. Bg5 Be6 11. Bxf6 Bxf6 12. Bxe6 fxe6 13. Nf4 Qe7 14. Qg4 Rae8 15. 0-0 Be5 16. Nh5 g6 17. f4 Bg7 18. Rae1 gxh5 19. Qxh5 Qf7 20. Qf3 e5 21. f5 Bf6 22. g4 Bg5 23. Kg2 c4 24. Rh1 Bh4 25. Re2 Rc8 26. Rg1 Kh8 27. Kh1 h6 28. Reg2 Rg8 29. Qe2 b5 30. Qf3 Qf6 31. g5 Rxg5 32. Rxg5 Bxg5 33. Qh5 Rg8 34. h4 Be3 35. Rxg8+ Kxg8 36. Qe8+ Kh7 37. Qh5 Qg7 38. Kh2 Qg1+ 39. Kh3 Qf1+ 40. Kh2 Bf4# 0-1